| 000 | 00461nam a2200181 a 4500 | ||
|---|---|---|---|
| 001 | 31876 | ||
| 005 | 20180713235358.0 | ||
| 008 | 140415s2008 mx 000 0 spa d | ||
| 020 | _a9789708170574 | ||
| 041 | _aspa | ||
| 082 |
_a510 _bSAN |
||
| 100 | 1 | _aSANCHEZ SANCHEZ, ERNESTO ALONSO | |
| 245 | 1 | 0 | _aMATEMATICAS 2 |
| 250 | _a1a ed.ICIÓN | ||
| 260 |
_aMEXICO : _bPATRIA, _c2008 |
||
| 300 |
_a79 _c20 x 0.05 x 26 |
||
| 650 | 1 | 4 | _aMATEMATICAS |
| 999 |
_c31876 _d31876 |
||